| 000 | 00472nam a2200193Ia 4500 | ||
|---|---|---|---|
| 008 | 170918s9999 xx 000 0 und d | ||
| 020 | _a9780545139144 | ||
| 050 | _bH126 2002 | ||
| 100 | _aHaddix, Margaret Peterson | ||
| 245 | _aAmong the betrayed / | ||
| 245 | _cMargaret Peterson Haddix. | ||
| 260 | _aNew York : | ||
| 260 | _bScholastic, | ||
| 260 | _c2002 | ||
| 300 | _a156 pages : | ||
| 300 | _bcolored illustration ; | ||
| 300 | _c19cm. | ||
| 500 | _a690 | ||
| 999 |
_c341913 _d341913 |
||